Statistics for Capitals of countries

Click here to take the quiz!

General Stats

  • This quiz has been taken 7 times
  • The average score is 4 of 15

Answer Stats

HintAnswer% Correct
FranceParis
86%
UsaNew York
57%
NorwayBergen
43%
AustraliaSydney
43%
TurkeyIstanbul
29%
IndiaMumbai
29%
BrazilRio de Janeiro
29%
ChinaShanghai
29%
UKEdinburgh
14%
MexicoMexico Town
14%
GermanyBeerlin
0%
South AfricaJohnsburg
0%
EgyptKairo de Janerio
0%
NigeriaLacos
0%
JapanTokio
0%

Score Distribution

Percentile by Number Answered

Percent of People with Each Score

Your Score History

You have not taken this quiz